Statistics for Indiana Pacers Leaders Per Year

Click here to take the quiz!

General Stats

  • This quiz has been taken 56 times
    (29 since last reset)
  • The average score is 21 of 60

Answer Stats

Player % Correct
Victor Oladipo
100%
Paul George
100%
Reggie Miller
100%
Domantas Sabonis
89%
Myles Turner
89%
Roy Hibbert
78%
Stephen Jackson
78%
Mark Jackson
78%
Danny Granger
78%
George Hill
78%
Micheal Williams
67%
Ron Artest
67%
Rik Smits
67%
Herb Williams
67%
Jermaine O'Neal
67%
Chris Mullin
56%
Mickey Johnson
56%
Clemon Johnson
56%
Malcolm Brogdon
56%
T.J. Warren
56%
Dale Davis
44%
Detlef Schrempf
44%
Darren Collison
44%
Johnny Davis
44%
Clark Kellogg
33%
Jalen Rose
33%
Chuck Person
33%
Lance Stephenson
33%
George McGinnis
33%
Roger Brown
22%
LaSalle Thompson
22%
Mel Daniels
22%
Jeremy Lamb
22%
Pooh Richardson
22%
Jeff Teague
22%
Ian Mahinmi
22%
Jeff Foster
22%
Vern Fleming
11%
Monta Ellis
11%
Freddie Lewis
11%
Troy Murphy
11%
Earl Watson
11%
T.J. Ford
11%
Jamaal Tinsley
11%
Steve Stipanovich
11%
Travis Best
11%
John Williamson
11%
Bill Keller
0%
Darnell Hillman
0%
Len Elmore
0%
Dan Roundfield
0%
Derrick McKey
0%
Ricky Sobers
0%
James Edwards
0%
Dudley Bradley
0%
Billy Knight
0%
Don Buse
0%
Butch Carter
0%
Jerry Sichting
0%
Bob Netolicky
0%

Score Distribution

Percentile by Number Answered

Percent of People with Each Score

Your Score History

You have not taken this quiz since the last reset